Statistics for National Hockey League Cities

Click here to take the quiz!

General Stats

  • This quiz has been taken 137 times
  • The average score is 24 of 29

Answer Stats

City% Correct
Anaheim
97%
Montreal
96%
New York
94%
Vancouver
93%
Boston
91%
Los Angeles
91%
Toronto
90%
Calgary
89%
Edmonton
89%
Dallas
88%
St Louis
88%
Detroit
87%
Washington
84%
Chicago
83%
Philadelphia
83%
San Jose
82%
Pittsburgh
81%
Tampa
81%
Winnipeg
81%
Miami
80%
Ottawa
80%
Buffalo
78%
Phoenix
77%
Denver
75%
Nashville
75%
Columbus
74%
St Paul
55%
Raleigh
54%
Newark
47%

Score Distribution

Percentile by Number Answered

Percent of People with Each Score

Your Score History

You have not taken this quiz